000
00295nam a2200145Ia 4500
100
_a
Obruchev/V
650
_a
General
942
_c
BK
654
_a
Geology
245
_a
Fund. of Geology
260
_b
Foreign Language Publication
082
_a
550
300
_a
373
546
_a
ENGLISH
999
_c
21199
_d
21199